House prices continue rise (Record no. 117309)

MARC details
000 -LEADER
fixed length control field 01071cam a2200217 4500
001 - CONTROL NUMBER
control field WB4017-11
008 - FIXED-LENGTH DATA ELEMENTS--GENERAL INFORMATION
fixed length control field 040506n2004 000 0 eng u
035 ## - SYSTEM CONTROL NUMBER
System control number (Sirsi) u126122
245 ## - TITLE STATEMENT
Title House prices continue rise
260 ## - PUBLICATION, DISTRIBUTION, ETC.
Date of publication, distribution, etc. 2004
490 ## - SERIES STATEMENT
Series statement Hometrack Press Release
Volume/sequential designation April 2004 (2)
520 ## - SUMMARY, ETC.
Summary, etc. The latest survey of house prices from Hometrack reports a 0.7% increase in house prices across the country. The highest increase reported was for the north of England, with Oxfordshire the slowest with only 0.1% growth. Bath continues as the fastest growing city with increases of 2.4%. The average house price is now £149 000 compared with £148 000 last month. New buyers have increased by 6.5%, outweighing the number of properties at 4.2%, indicating price rises to continue due to pent-up demand. http://www.hometrack.co.uk/index.cfm?fuseaction=ne ws.news
590 ## - LOCAL NOTE (RLIN)
Local note WB
590 ## - LOCAL NOTE (RLIN)
Local note WB
650 ## - SUBJECT ADDED ENTRY--TOPICAL TERM
Topical term or geographic name entry element SURVEYS
650 ## - SUBJECT ADDED ENTRY--TOPICAL TERM
Topical term or geographic name entry element HOUSING DEMAND
650 ## - SUBJECT ADDED ENTRY--TOPICAL TERM
Topical term or geographic name entry element GREAT BRITAIN
650 ## - SUBJECT ADDED ENTRY--TOPICAL TERM
Topical term or geographic name entry element HOUSE BUYING
690 ## - LOCAL SUBJECT ADDED ENTRY--TOPICAL TERM (OCLC, RLIN)
Topical term or geographic name as entry element HOUSING-HOUSE PRICES
942 ## - ADDED ENTRY ELEMENTS (KOHA)
Suppress in OPAC 0
Holdings
Withdrawn status Lost status Source of classification or shelving scheme Damaged status Not for loan Home library Current library Shelving location Date acquired Total Checkouts Full call number Barcode Date last seen Copy number Price effective from Koha item type
    Dewey Decimal Classification     London London News article 06/05/2004   WB4017-11 126122-1001 06/08/2019 1 06/08/2019 News article